000 00632nas a2200229 4500
001 BR9703364
003 BR-BrBNA
005 20231205100329.0
007 ta
008 230509b bl.|||p| |||| 00| 00por d
040 _aBR-BrBNA
_bpor
_cBiblioteca Nacional de Agricultura
041 _a(Pt)
072 _aL01
245 1 _aComo criar - delicadeza com requinte
650 _aFaisao
650 _aCriacao
650 _aAbate
650 _aHigiene Veterinaria
773 0 _tGlobo Rural (Brazil)
_xISSN 0102-6178
_g(Jul 1997), v. 11(141) p. 51-56
_wBR9703364
909 _a202311
_bLúcia
_c55
_dLúcia Elande
942 _2AGRIS
_n0
_cANA
999 _c155402
_d155402